Keď sa pes smeje

Bibliographic Details
Main Author: Šebesta, Juraj, 1964- (Author)
Format: Article
Language:Slovak
ISSN:1335-7263
Subjects:

MARC

LEADER 00000nab a2200000 a 4500
001 vtls009960692
003 SK-MaSNL
005 20260303050033.0
008 140429c2009 xo |r|p|||||||000 b|slo
015 |a SNBRB2009/10  |2 snkbucl 
038 |a SNKBUCL 
040 |a SNKBUCL  |b slo  |c SNKBUCL  |e AACR2 
041 0 |a slo 
044 |a xo  |c SK 
080 |a 821.162.4-31  |x (0.053.6)  |2 2001 
080 |a 821.162.4-93  |2 2001 
100 1 |a Šebesta, Juraj,  |d 1964-  |4 aut  |9 101141 
245 1 0 |a Keď sa pes smeje  |c Juraj Šebesta 
655 7 |a slovenské romány  |2 snkbucl  |9 70324 
655 7 |a chlapčenské romány  |2 snkbucl  |9 276906 
655 7 |a úryvky  |2 snkbucl  |9 84604 
773 0 |t Bibiana  |g Roč. XVI, č. 2 (2009), s. 28-37  |x 1335-7263 
852 |a SNK  |b KIS3GCP 
958 |a LX 
958 |a SK 
958 |a DB 
999 |c 1705967  |d 1707897